Normal view
MARC view
Entry Personal Name
001 - CONTROL NUMBER
- control field: 1015
003 - CONTROL NUMBER IDENTIFIER
- control field: OSt
005 - DATE AND TIME OF LATEST TRANSACTION
- control field: 20211105132207.0
008 - FIXED-LENGTH DATA ELEMENTS
- fixed length control field: 211105|| aca||aabn | a|a d
040 ## - CATALOGING SOURCE
- Original cataloging agency: OSt
- Transcribing agency: OSt
100 ## - HEADING--PERSONAL NAME
- Personal name: Norris, J. A
670 ## - SOURCE DATA FOUND
- Source citation: Work cat.: (OSt): Norris, J. A., Telegraphic measurement of the differences of longitude by offices of the U.S. Navy 1878-79, 1880